Distribúcia bankových produktov prostredníctvom digitálnych kanálov bakalárska práca

Salvato in:
Dettagli Bibliografici
Autore principale: Robová, Klaudia
Ente Autore: Národohospodárska fakulta EU. Katedra bankovníctva a medzinárodných financií
Altri autori: Moravec, Peter, 1993-
Natura: Libro
Lingua:slovacco
Pubblicazione: Bratislava 2025
Tags: Aggiungi Tag
Nessun Tag, puoi essere il primo ad aggiungerne!!

MARC

LEADER 00000nbm a2200000 4500
001 0309241
005 20260105093354.5
041 0 |a slo 
044 |a SK 
245 1 0 |a Distribúcia bankových produktov prostredníctvom digitálnych kanálov  |b bakalárska práca  |c Klaudia Robová ; školiteľ: Peter Moravec 
264 1 |a Bratislava  |c 2025 
300 |a 48 s. 
100 1 |a Robová, Klaudia 
700 1 |a Moravec, Peter, 1993- 
710 2 |a Národohospodárska fakulta EU. Katedra bankovníctva a medzinárodných financií